|
|
|
|
| LEADER |
00000nab#a22000007a#4500 |
| 001 |
arbauad018625 |
| 003 |
AR-BaUAD |
| 005 |
20250711111638.0 |
| 008 |
960410|||||||||###||||||b###|0###a|spa|| |
| 040 |
|
|
|a AR-BaUAD
|c AR-BaUAD
|b spa
|
| 245 |
1 |
0 |
|a Kultivierte Scheune
|
| 300 |
0 |
|
|b fot., plantas, vistas, cortes, axonom.
|
| 653 |
|
|
|a ESTADOS UNIDOS
|
| 653 |
|
|
|a PENSILVANIA
|
| 653 |
|
|
|a LEDDY, WILLIAM
|
| 653 |
|
|
|a VIVIENDAS UNIFAMILIARES
|
| 653 |
|
|
|a VIVIENDAS RURALES
|
| 773 |
0 |
|
|t MD moebel design
|g no. 11 [1994], p. 62-69
|
| 942 |
|
|
|c ARTI
|
| 952 |
|
|
|0 0
|1 0
|4 0
|7 0
|9 63545
|a AR-BAuAD
|b AR-BAuAD
|d 2025-07-11
|l 0
|p AAQA018625
|r 2025-07-11 11:16:38
|w 2025-07-11
|y ARTI
|
| 990 |
|
|
|a AQ199
|b TD
|
| 998 |
|
|
|a AAQ
|b BIBUN76
|
| 999 |
|
|
|c 43218
|d 43218
|